आधुनिक विज्ञान में भारतीय दर्शन का स्रष्टिवाद / (Record no. 120525)

MARC details
000 -LEADER
fixed length control field 01211nam a22002657a 4500
005 - DATE AND TIME OF LATEST TRANSACTION
control field 20170124103159.0
010 ## - LIBRARY OF CONGRESS CONTROL NUMBER
LC control number B-075390
020 ## - INTERNATIONAL STANDARD BOOK NUMBER
Terms of availability 350.00
035 ## - SYSTEM CONTROL NUMBER
System control number B-075390
037 ## - SOURCE OF ACQUISITION
Source of stock number/acquisition Cen Lib/Ret
040 ## - CATALOGING SOURCE
Original cataloging agency DPL
Language of cataloging HN
082 ## - DEWEY DECIMAL CLASSIFICATION NUMBER
Classification number 181.4
Item number हुकुम
100 ## - MAIN ENTRY--PERSONAL NAME
Personal name हुकुम सिंह
9 (RLIN) 90870
245 ## - TITLE STATEMENT
Title आधुनिक विज्ञान में भारतीय दर्शन का स्रष्टिवाद /
Statement of responsibility, etc हुकुम सिंह
246 ## - VARYING FORM OF TITLE
Title proper/short title Adhunik vigyan me bhartiay darshan ka srshtivad
Remainder of title by Hukum Singh
260 ## - PUBLICATION, DISTRIBUTION, ETC. (IMPRINT)
Place of publication, distribution, etc जयपुर
Name of publisher, distributor, etc शर्मा पब्लिशिंग हाउस
Date of publication, distribution, etc 2001
270 ## - ADDRESS
Address 3374, गोविन्द राय जी का रास्ता
City जयपुर
Postal code 302001
300 ## - PHYSICAL DESCRIPTION
Extent 221पृष्ठ.
Dimensions 20सेमी(सजिल्द)
500 ## - GENERAL NOTE
General note सन्दर्भ ग्रन्थ सूची शामिल
650 ## - SUBJECT ADDED ENTRY--TOPICAL TERM
Topical term or geographic name as entry element भारतीय दर्शन
9 (RLIN) 90871
650 ## - SUBJECT ADDED ENTRY--TOPICAL TERM
Topical term or geographic name as entry element दर्शन - विज्ञान
9 (RLIN) 90872
650 ## - SUBJECT ADDED ENTRY--TOPICAL TERM
Topical term or geographic name as entry element Indian philosophy
9 (RLIN) 90873
650 ## - SUBJECT ADDED ENTRY--TOPICAL TERM
Topical term or geographic name as entry element Philosophy - Science
9 (RLIN) 90874
942 ## - ADDED ENTRY ELEMENTS (KOHA)
Source of classification or shelving scheme Dewey Decimal Classification
Koha item type Hindi Books
Classification part 181.4
Call number suffix हुकुम
Holdings
Withdrawn status Lost status Damaged status Not for loan Home library Current library Date acquired Source of acquisition Cost, normal purchase price Total Checkouts Full call number Barcode Date last seen Copy number Cost, replacement price Price effective from Koha item type
        Central Library Central Library 23/09/2015 Cen Lib/Ret 350.00   181.4 हुकुम B-075390 23/09/2015 1 350.00 23/09/2015 Hindi Books

© Delhi Public Library
Hit Counter
free hit counter